header

The North shore (Record no. 244282)

MARC details
000 -LEADER
fixed length control field 01292nam a2200325 a 4500
100 1# - MAIN ENTRY--AUTHOR NAME
Personal name Perich, Shawn.
245 14 - TITLE STATEMENT
Title The North shore
250 ## - EDITION STATEMENT
Edition statement First university of Minnesota Press ed.
260 ## - PUBLICATION, DISTRIBUTION, ETC. (IMPRINT)
Place of publication Minneapolis, Minn. ;
-- London :
Name of publisher University of Minnesota Press,
Year of publication 2003.
300 ## - PHYSICAL DESCRIPTION
Number of Pages 193 p. :
Other physical details maps.
700 1# - ADDED ENTRY--PERSONAL NAME
Personal name Minix, David.
856 40 - ELECTRONIC LOCATION AND ACCESS
Uniform Resource Identifier http://site.ebrary.com/lib/rucke/Doc?id=10159574

No items available.

© 2026 Rongo University
Contact us: librarian | system librarian | Rongo university